000 00883nam a2200301 i 4500
003 DO-SdBNP
005 20240719101108.0
007 ta
008 240719s1998 dr 001 0 spa d
020 _a8471539853
040 _aDO-SdBNP
_bspa
_cBNPHU
_erda
082 _a463
_bM385d
_222
100 1 _aMartínez de Sousa, José
_eautor
_d1933-
_985936
245 1 0 _aDiccionario de usos y dudas del español actual /
_cJosé Martínez de Sousa
250 _a2da. edición
264 _aBarcelona :
_bBiblograf,
_c1998.
300 _a573 páginas,
_c25 cm.
336 _2rdacontent
_atexto
_btxt
337 _2rdamedia
_asin mediación
_bn
338 _2rdacarrier
_avolumen
_bnc
490 _aVox
590 _aInventariado, 2024/ DG
650 4 _985937
_aLengua española -- Uso
_xDiccionarios
700 _985934
710 _985912
910 _aDG
942 _2ddc
_cLBS1
999 _c57322
_d57322